| 000 | 00563nam a2200193 a 4500 | ||
|---|---|---|---|
| 005 | 20230623063550.0 | ||
| 008 | 991125s1984 mx 000 0 spa u | ||
| 020 | _a968494005X | ||
| 035 | _aUPN01000044645 | ||
| 049 | _aI | ||
| 050 | 4 |
_aPZ73 M6 _bC33.6 |
|
| 100 | 1 |
_aCarballido, Emilio, _d1925-2008 |
|
| 245 | 1 | 3 |
_aEl pizarrón encantado / _cEmilio Carballido ; il. María Figueroa. |
| 260 |
_aMéxico : _bCIDCLI : _bPetra, _c1984. |
||
| 300 |
_a40 p. : _bil. |
||
| 440 | 0 | _aReloj de cuentos | |
| 650 | 4 |
_aCuentos infantiles mexicanos _97723 |
|
| 905 | _aInfantil | ||
| 999 |
_c44645 _d44645 |
||